Sports Quiz

Random Sports or Olympics Quiz

Uniquely Named US Olympic Hall of Famers Quiz Stats

 Plays Quiz not verified by Sporcle

Challenge
Share
Tweet
Embed
Score 0/24 Timer 07:00
0 Plays Today
First Name Last Name % Correct
CassiusClay
92.5%
Mary LouRetton
86.6%
Sugar RayLeonard
86.6%
CarlLewis
83.6%
PicaboStreet
79.1%
FlorenceGriffith-Joyner
77.6%
BonnieBlair
71.6%
WilmaRudolph
71.6%
PeggyFleming
70.1%
JackieJoyner-Kersee
68.7%
KristiYamaguchi
67.2%
GregLouganis
65.7%
First Name Last Name % Correct
BrianBoitano
64.2%
DorothyHamill
64.2%
EdwinMoses
64.2%
RaferJohnson
56.7%
BartConner
55.2%
OscarDe La Hoya
52.2%
JanetEvans
49.3%
KarchKiraly
47.8%
JoanBenoit
38.8%
ShannonMiller
35.8%
PhilMahre
35.8%
MattBiondi
25.4%

You're not logged in!

Compare scores with friends on all Sporcle quizzes.
Join for Free
OR
Log In

You Might Also Like...

Show Comments

Extras

Top Quizzes Today


Score Distribution

Your Account Isn't Verified!

In order to create a playlist on Sporcle, you need to verify the email address you used during registration. Go to your Sporcle Settings to finish the process.

Report this User

Report this user for behavior that violates our Community Guidelines.

Details: